Writing 1

Bìa sách ghi trường Đại học sư phạm Hà Nội. Khoa Tiếng Anh; Sách dành cho sinh viên năm nhất chuyên ngành tiếng Anh trường đại học sư phạm Hà Nội. Sách gồm 12 bài học được trình bày một cách có hệ thống từ việc viết câu, mệnh đề, cũng n...

Cur síos iomlán

Đã lưu trong:
Sonraí Bibleagrafaíochta
Príomhúdar: Nguyễn, Thị Hà
Formáid: Leabhar
Teanga:Undetermined
Foilsithe: H. Đại học sư phạm 2011
Ábhair:
Rochtain Ar Líne:http://lrc.tdmu.edu.vn/opac/search/detail.asp?aID=2&ID=19742
Clibeanna: Cuir Clib Leis
Gan Chlibeanna, Bí ar an gcéad duine leis an taifead seo a chlibeáil!
Thư viện lưu trữ: Trung tâm Học liệu Trường Đại học Thủ Dầu Một
LEADER 01290nam a2200205Ia 4500
001 TDMU_19742
008 210410s9999 xx 000 0 und d
082 |a 428.2 
090 |b L250 
100 |a Nguyễn, Thị Hà 
245 0 |a Writing 1 
245 0 |c Nguyễn Thị Hà 
260 |a H. 
260 |b Đại học sư phạm 
260 |c 2011 
300 |a 111tr. 
520 |a Bìa sách ghi trường Đại học sư phạm Hà Nội. Khoa Tiếng Anh; Sách dành cho sinh viên năm nhất chuyên ngành tiếng Anh trường đại học sư phạm Hà Nội. Sách gồm 12 bài học được trình bày một cách có hệ thống từ việc viết câu, mệnh đề, cũng như kết thúc một đoạn văn. Mỗi bài học gồm hai phần chính. Phần 1 cung cấp các khái niệm cơ bản về ngữ pháp, cấu trúc câu. Phần 2 cung cấp các bài tập thực hành để người học cải tiện kĩ năng viết. 
650 |a Tiếng Anh  |x Kỹ năng viết  |v Giáo trình 
856 |u http://lrc.tdmu.edu.vn/opac/search/detail.asp?aID=2&ID=19742 
980 |a Trung tâm Học liệu Trường Đại học Thủ Dầu Một